[Event "Preinscritos IRT Online"]
[Site "Chess.com INT"]
[Date "2020.12.26"]
[Round "1"]
[White "Chuva Brito, Alex Ramon"]
[Black "Angamarca Angamarca, Edison Fernando"]
[Result "0-1"]
[WhiteElo "1373"]
[BlackElo "2011"]
[PlyCount "56"]
[EventDate "2020.12.26"]
[EventType "swiss"]
[EventRounds "11"]
[EventCountry "ECU"]
[SourceTitle "CBM 200 Extra"]
[Source "ChessBase"]
[SourceDate "2021.03.31"]
[SourceVersion "1"]
[SourceVersionDate "2021.03.31"]
[SourceQuality "1"]

1. e4 e5 2. Nf3 Nc6 3. Bb5 a6 4. Bxc6 dxc6 5. d4 exd4 6. Qxd4 Qxd4 7. Nxd4 Bd7 8. Bg5 f6 9. Bf4 0-0-0 10. Nd2 Bb4 11. 0-0-0 Bg4 12. N4f3 Ne7 13. a3 Bc5 14. Rhf1 Ng6 15. Bg3 Rhe8 16. Rde1 Re7 17. e5 fxe5 18. Nxe5 Nxe5 19. Rxe5 Rxe5 20. Bxe5 g6 21. Bg3 Re8 22. f3 Bd7 23. Ne4 Be7 24. Rd1 Bf5 25. Nc3 Bg5+ 26. Kb1 b5 27. h4 Bf6 28. Na2 Re2 0-1

[Event "Preinscritos IRT Online"]
[Site "Chess.com INT"]
[Date "2020.12.26"]
[Round "7"]
[White "Chuva Brito, Alex Ramon"]
[Black "Matute Bravo, Amelia Nathali"]
[Result "1-0"]
[WhiteElo "1373"]
[BlackElo "713"]
[PlyCount "49"]
[EventDate "2020.12.26"]
[EventType "swiss"]
[EventRounds "11"]
[EventCountry "ECU"]
[SourceTitle "CBM 200 Extra"]
[Source "ChessBase"]
[SourceDate "2021.03.31"]
[SourceVersion "1"]
[SourceVersionDate "2021.03.31"]
[SourceQuality "1"]

1. e4 c5 2. Nc3 Nc6 3. f4 Nf6 4. Nf3 d6 5. Bb5 e5 6. fxe5 dxe5 7. Nxe5 Bd7 8. Nxd7 Qxd7 9. d3 Bd6 10. 0-0 0-0 11. Bg5 Bb8 12. Bxf6 Bd6 13. Nd5 Bb8 14. Qh5 Qc7 15. Bxg7 Qxh2+ 16. Qxh2 Bxh2+ 17. Kxh2 Kxg7 18. Bxc6 bxc6 19. Ne7 Rab8 20. b3 Rb6 21. c4 Re8 22. Nf5+ Kg6 23. Nd6 Rd8 24. Nxf7 Rxd3 25. Ne5+ 1-0